00957nam a2200241 a 450000100100000000500170001000800410002702000150006804000250008308200150010810000440012324500410016726000340020830000280024249000250027058600370029550001250033250000700045759000260052783000320055395201130058599900170069800004247220201002040158.0131204s1981 sp a r 000 0 spa d a847223326X aDO-SdBNPbspacBNPHU axxxxbxxxx1 aMuñoz Puelles, Vicente,d1948-92164210aAnacaona /cVicente Muñoz Puelles. aBarcelona :bTusquets,c1981. a205 p. :bil. ;c20 cm.1 aSonrisa verticalv26 aPremio La Sonrisa Vertical, 1980 aIlustraciones provenientes de la edición de 1851 del libro de Washington Irving, Vida y viajes de Cristóbal Colón. aIncluye datos biográficos del autor en la solapa de la cubierta aInventariado, 2019/BT 0aSonrisa verticaln26969652 001050718MOaGRbGRcHDd2013-12-04iLF1l0oxxxx xxxxp42472-10r2020-06-25w2020-06-25y1ZNo se presta c41961d41961